| 000 | 00543cam a22001817a 4500 | ||
|---|---|---|---|
| 008 | 180718b2007 xxu||||| |||| 00| 0 eng d | ||
| 020 | _a0195686713 | ||
| 082 | _aT121 K96 | ||
| 245 |
_aInternational competitiveness and knowledge-based industries in India _cedited by Nagesh Kumar and K.J. Joseph |
||
| 260 |
_aNew Delhi _bOxford Univ. press _c2007 |
||
| 300 | _a349p. | ||
| 650 | _aEconomics | ||
| 650 | _aIndustrial organization | ||
| 650 | _aInternational | ||
| 650 | _aCompetition | ||
| 700 | _aJoseph, K.J. | ||
| 700 | _aNagesh Kumar | ||
| 999 |
_c406739 _d406739 |
||